000 00422nam a22001697a 4500
999 _c18223
_d18223
008 200207b xxu||||| |||| 00| 0 eng d
020 _a1854318725
050 _aKD7483
_b.H93 1990 c.1
100 _aHyam, Michael
245 _aAdvocacy Skills
_cMichael Hyam
250 _a2nd ed.
260 _aNew York
_bOUP
_c1990
300 _a199p.
650 _aTrial Practice
650 _aCross examination
942 _2lcc
_cBK